Vishvavikhyata janapada kathegalu (Record no. 121703)

MARC details
000 -LEADER
fixed length control field 00694nam a2200229Ia 4500
003 - CONTROL NUMBER IDENTIFIER
control field OSt
005 - DATE AND TIME OF LATEST TRANSACTION
control field 20250805152349.0
008 - FIXED-LENGTH DATA ELEMENTS--GENERAL INFORMATION
fixed length control field 210210b2017 xxu||||| |||| 00| 0 eng d
040 ## - CATALOGING SOURCE
Transcribing agency AL
041 ## - LANGUAGE CODE
Language code of text/sound track or separate title Kannada
082 ## - DEWEY DECIMAL CLASSIFICATION NUMBER
Classification number K894.308 SHAV
100 ## - MAIN ENTRY--PERSONAL NAME
Personal name SHARANAPPA (G)
Dates associated with a name ಶರಣಪ್ಪ (ಜಿ)
9 (RLIN) 234048
245 ## - TITLE STATEMENT
Title Vishvavikhyata janapada kathegalu
Remainder of title ವಿಶ್ವವಿಖ್ಯಾತ ಜಾನಪದ ಕಥೆಗಳು
260 ## - PUBLICATION, DISTRIBUTION, ETC.
Place of publication, distribution, etc. Bengaluru
Name of publisher, distributor, etc. Si Vi Ji Pablikeshans
Date of publication, distribution, etc. 2017
300 ## - PHYSICAL DESCRIPTION
Extent viii,351
650 ## - SUBJECT ADDED ENTRY--TOPICAL TERM
Topical term or geographic name entry element Vishvavikhyata
9 (RLIN) 234049
650 ## - SUBJECT ADDED ENTRY--TOPICAL TERM
Topical term or geographic name entry element kathegalu
9 (RLIN) 234050
650 ## - SUBJECT ADDED ENTRY--TOPICAL TERM
Topical term or geographic name entry element janapada
9 (RLIN) 234051
690 ## - LOCAL SUBJECT ADDED ENTRY--TOPICAL TERM (OCLC, RLIN)
Topical term or geographic name as entry element Kannada Fiction
9 (RLIN) 234052
906 ## - LOCAL DATA ELEMENT F, LDF (RLIN)
a 071951
942 ## - ADDED ENTRY ELEMENTS (KOHA)
Source of classification or shelving scheme Dewey Decimal Classification
Koha item type Book
Holdings
Withdrawn status Lost status Source of classification or shelving scheme Damaged status Not for loan Collection code Home library Current library Shelving location Date acquired Source of acquisition Cost, normal purchase price Total Checkouts Full call number Barcode Date last seen Price effective from Koha item type
    Dewey Decimal Classification     Kannada St Aloysius Library St Aloysius Library   02/17/2021 Navakarnataka Publication Pvt Ltd Mangalore 450.00   K894.308 SHAV 071951 02/17/2021 02/17/2021 Book